Introductory Financial Accounting. (Record no. 5646)

MARC details
005 - DATE AND TIME OF LATEST TRANSACTION
control field 20250627131116.0
020 ## - INTERNATIONAL STANDARD BOOK NUMBER
International Standard Book Number 9780968411407
082 ## - DEWEY DECIMAL CLASSIFICATION NUMBER
Classification number 657 INT
100 ## - MAIN ENTRY--PERSONAL NAME
Author name McDIARMID,W.
245 ## - TITLE STATEMENT
Title Introductory Financial Accounting.
260 ## - PUBLICATION, DISTRIBUTION, ETC.
Place of publication, distribution, etc. London
Date of publication, distribution, etc. 1997
300 ## - PHYSICAL DESCRIPTION
Extent 16P.
Dimensions 28cm.
942 ## - ADDED ENTRY ELEMENTS (KOHA)
Source of classification or shelving scheme Dewey Decimal Classification
Koha item type Books
Holdings
Date last seen Total checkouts Full call number Barcode Cost, replacement price Price effective from Koha item type Lost status Source of classification or shelving scheme Damaged status Not for loan Withdrawn status Home library Current library Shelving location Date acquired Source of acquisition Cost, normal purchase price
06/27/2025   657 INT DOM000292 30000.00 06/27/2025 Books   Dewey Decimal Classification       CBE Dodoma CBE Dodoma General Collection 01/07/1999 Library budget 10000.00
06/27/2025   657 INT DOM000291 30000.00 06/27/2025 Books   Dewey Decimal Classification       CBE Dodoma CBE Dodoma General Collection 01/07/1999 Library budget 10000.00
06/27/2025   657 INT DOM000290 30000.00 06/27/2025 Books   Dewey Decimal Classification       CBE Dodoma CBE Dodoma General Collection 01/07/1999 Library budget 10000.00